[Event "52nd Capablanca Mem Elite"]
[Site "Matanzas CUB"]
[Date "2017.05.28"]
[Round "2.3"]
[White "Shankland, Samuel L"]
[Black "Cordova, Emilio"]
[Result "1/2-1/2"]
[WhiteTitle "GM"]
[BlackTitle "GM"]
[WhiteElo "2676"]
[BlackElo "2645"]
[WhiteFideId "2004887"]
[BlackFideId "3801497"]
[EventDate "2017.05.27"]

1. e4 e6 2. d4 d5 3. Nc3 dxe4 4. Nxe4 Nd7 5. Nf3 Ngf6 6. Nxf6+ Nxf6 7. Be3 Bd6
8. Bd3 O-O 9. Qe2 b6 10. O-O-O Bb7 11. Kb1 Nd5 12. Bd2 Nf4 13. Bxf4 Bxf4 14. Be4
Bxe4 15. Qxe4 Qf6 16. Rd3 Rad8 17. Rhd1 a5 18. g3 1/2-1/2

[Event "52nd Capablanca Mem Elite"]
[Site "Matanzas CUB"]
[Date "2017.05.29"]
[Round "3.1"]
[White "Cordova, Emilio"]
[Black "Ortiz Suarez, Isan Reynaldo"]
[Result "1/2-1/2"]
[WhiteTitle "GM"]
[BlackTitle "GM"]
[WhiteElo "2645"]
[BlackElo "2570"]
[WhiteFideId "3801497"]
[BlackFideId "3507165"]
[EventDate "2017.05.27"]

1. d4 d5 2. c4 c6 3. Nc3 Nf6 4. cxd5 cxd5 5. Bf4 Nc6 6. e3 Bf5 7. Rc1 a6 8. Nf3
e6 9. Nd2 Bd6 10. Bg3 O-O 11. Be2 Qe7 12. O-O Rad8 13. Nb3 Bxg3 14. hxg3 e5 15.
dxe5 Nxe5 16. Nd4 Bc8 17. Qb3 Rd6 18. Rfd1 Rfd8 19. a3 g6 20. Rd2 Kg7 21. Qb4 1/2-1/2

[Event "52nd Capablanca Mem Elite"]
[Site "Matanzas CUB"]
[Date "2017.05.29"]
[Round "3.2"]
[White "Sasikiran, Krishnan"]
[Black "Shankland, Samuel L"]
[Result "1/2-1/2"]
[WhiteTitle "GM"]
[BlackTitle "GM"]
[WhiteElo "2669"]
[BlackElo "2676"]
[WhiteFideId "5004985"]
[BlackFideId "2004887"]
[EventDate "2017.05.27"]

1. d4 d5 2. c4 e6 3. Nf3 Nf6 4. g3 Be7 5. Bg2 O-O 6. O-O dxc4 7. Qc2 b6 8. Rd1
Bb7 9. Nc3 Nbd7 10. e4 a6 11. b3 cxb3 12. axb3 h6 13. Nd2 c5 14. e5 Nd5 15. Nxd5
Bxd5 16. Bxd5 exd5 17. Nf3 Qc8 18. Qe2 1/2-1/2

[Event "52nd Capablanca Mem Elite"]
[Site "Matanzas CUB"]
[Date "2017.05.30"]
[Round "4.1"]
[White "Shankland, Samuel L"]
[Black "Piorun, Kacper"]
[Result "1/2-1/2"]
[WhiteTitle "GM"]
[BlackTitle "GM"]
[WhiteElo "2676"]
[BlackElo "2638"]
[WhiteFideId "2004887"]
[BlackFideId "1130420"]
[EventDate "2017.05.27"]

1. c4 e5 2. g3 Nf6 3. Bg2 c6 4. Nf3 e4 5. Nd4 d5 6. d3 Qb6 7. dxe4 Bc5 8. e3
dxe4 9. Nc3 O-O 10. O-O Re8 11. h3 Qc7 12. Qc2 Qe5 13. Rd1 Na6 14. a3 Bf8 15. b3
Nc5 16. b4 Ne6 17. Nxe6 Qxe6 18. Bb2 a5 19. c5 axb4 20. axb4 Rxa1 21. Bxa1 Qf5
22. Rd4 Qh5 23. g4 Qh4 24. Nxe4 Nxe4 25. Rxe4 Rd8 26. Be5 h5 27. Bc7 Rd7 28. Be5
hxg4 29. hxg4 Re7 30. Bg3 Qg5 31. Bf3 Qg6 32. Rc4 Qf6 33. Kg2 Be6 34. Rd4 Re8
35. Qe4 Ra8 36. Qe5 Qxe5 37. Bxe5 Be7 38. Kg3 f6 39. Bd6 Kf7 40. Bd1 Ra3 41. Bc2
Bxd6+ 42. Rxd6 Ke7 43. Bf5 Bxf5 44. gxf5 Rb3 45. Rd4 Ke8 46. Kg4 Rb1 47. Kh5 Rg1
48. f4 Ke7 49. Rd2 Rh1+ 50. Kg6 Rg1+ 51. Kh5 Rh1+ 52. Kg4 Rb1 53. Rd4 Re1 54.
Kf3 Rb1 55. Ke4 Rb3 56. Rc4 Kd7 57. Kd4 Ke7 58. e4 Rb1 59. Kd3 Rb3+ 60. Ke2 Rb2+
61. Kf3 Rb1 62. e5 Rf1+ 63. Kg2 Rd1 64. Re4 Rd3 65. Kf2 Rh3 66. Ke2 Rh5 67. Kf3
Rxf5 68. Kg4 g6 69. exf6+ Kxf6 70. Rd4 Kg7 71. Rd1 Rf7 72. Rd2 Kf6 73. Rd6+ Kg7
74. Re6 Rd7 75. Re8 Kf6 76. Rf8+ Kg7 77. Rb8 Kf6 78. Kf3 Re7 79. Rf8+ Kg7 80.
Rd8 Kf6 81. Rd6+ Re6 82. Rd7 1/2-1/2

[Event "52nd Capablanca Mem Elite"]
[Site "Matanzas CUB"]
[Date "2017.05.31"]
[Round "5.1"]
[White "Sasikiran, Krishnan"]
[Black "Ortiz Suarez, Isan Reynaldo"]
[Result "1/2-1/2"]
[WhiteTitle "GM"]
[BlackTitle "GM"]
[WhiteElo "2669"]
[BlackElo "2570"]
[WhiteFideId "5004985"]
[BlackFideId "3507165"]
[EventDate "2017.05.27"]

1. e4 c5 2. Nf3 d6 3. d4 cxd4 4. Nxd4 Nf6 5. Nc3 a6 6. Be3 e5 7. Nb3 Be6 8. f3
Be7 9. Qd2 O-O 10. O-O-O Nbd7 11. g4 b5 12. g5 Nh5 13. Kb1 Rc8 14. a3 g6 15. Rg1
Nb6 16. Na5 Qc7 17. Nd5 Nxd5 18. exd5 Bd7 19. c4 Bd8 20. Nc6 Bxc6 21. dxc6 Qxc6
22. cxb5 axb5 23. Rc1 Qxc1+ 24. Qxc1 Rxc1+ 25. Kxc1 b4 1/2-1/2

[Event "52nd Capablanca Mem Elite"]
[Site "Matanzas CUB"]
[Date "2017.05.31"]
[Round "5.2"]
[White "Piorun, Kacper"]
[Black "Cordova, Emilio"]
[Result "1/2-1/2"]
[WhiteTitle "GM"]
[BlackTitle "GM"]
[WhiteElo "2638"]
[BlackElo "2645"]
[WhiteFideId "1130420"]
[BlackFideId "3801497"]
[EventDate "2017.05.27"]

1. e4 c5 2. Nf3 Nc6 3. d4 cxd4 4. Nxd4 d6 5. Nc3 Bd7 6. Be3 Rc8 7. Nxc6 bxc6 8.
Ba6 Rb8 9. O-O Nf6 10. Qe2 Qa5 11. b4 Qc7 12. a3 e5 13. h3 Be7 14. f4 O-O 15.
Rad1 exf4 16. Bxf4 Be6 17. e5 Ne8 18. Na4 d5 19. Qf2 Rd8 20. Nc5 Bxc5 21. Qxc5
Qb6 22. Qxb6 axb6 23. Bb7 c5 24. bxc5 bxc5 25. a4 Nc7 26. a5 d4 27. Bg5 Rb8 28.
a6 Bc4 29. Be7 Rfe8 30. Bxc5 Nxa6 31. Bxa6 Bxa6 32. Rf2 Rec8 33. Bxd4 Bc4 34. c3
h6 35. Kh2 Be6 36. Ra1 Rb7 37. Rd2 Rcb8 38. Rf1 Rb2 39. Rff2 Rb1 40. Kg3 Kh7 41.
Kf4 Bc4 42. Kg3 1/2-1/2

[Event "52nd Capablanca Mem Elite"]
[Site "Matanzas CUB"]
[Date "2017.06.02"]
[Round "6.1"]
[White "Piorun, Kacper"]
[Black "Sasikiran, Krishnan"]
[Result "1/2-1/2"]
[WhiteTitle "GM"]
[BlackTitle "GM"]
[WhiteElo "2638"]
[BlackElo "2669"]
[WhiteFideId "1130420"]
[BlackFideId "5004985"]
[EventDate "2017.05.27"]

1. e4 e5 2. Nf3 Nc6 3. Bc4 Bc5 4. c3 Nf6 5. d4 exd4 6. e5 d5 7. Be2 d3 8. exf6
dxe2 9. Qxe2+ Be6 10. fxg7 Rg8 11. b4 Be7 12. b5 Na5 13. Bf4 Rxg7 14. O-O Bf6
15. Nbd2 1/2-1/2

[Event "52nd Capablanca Mem Elite"]
[Site "Matanzas CUB"]
[Date "2017.06.03"]
[Round "7.1"]
[White "Piorun, Kacper"]
[Black "Ortiz Suarez, Isan Reynaldo"]
[Result "1/2-1/2"]
[WhiteTitle "GM"]
[BlackTitle "GM"]
[WhiteElo "2638"]
[BlackElo "2570"]
[WhiteFideId "1130420"]
[BlackFideId "3507165"]
[EventDate "2017.05.27"]

1. c4 Nf6 2. g3 c6 3. Bg2 d5 4. Nf3 g6 5. b3 Bg7 6. Bb2 O-O 7. O-O a5 8. d3 Nbd7
9. Nc3 e6 10. d4 b6 11. Qc2 Ba6 12. Rfd1 Rc8 13. a4 dxc4 14. bxc4 Qc7 15. Qb3
Rfd8 16. Rac1 Qb8 17. e3 Ne8 18. Ne4 b5 19. axb5 cxb5 20. c5 Bb7 21. Neg5 Nef6
22. e4 a4 23. Qxb5 Nxe4 24. Nxe4 Bxe4 25. Qxb8 Nxb8 26. Ne1 Bxg2 27. Kxg2 Nc6
28. Rc4 Rb8 29. Ba3 Rxd4 1/2-1/2

[Event "52nd Capablanca Mem Elite"]
[Site "Matanzas CUB"]
[Date "2017.06.04"]
[Round "8.1"]
[White "Ortiz Suarez, Isan Reynaldo"]
[Black "Cordova, Emilio"]
[Result "1/2-1/2"]
[WhiteTitle "GM"]
[BlackTitle "GM"]
[WhiteElo "2570"]
[BlackElo "2645"]
[WhiteFideId "3507165"]
[BlackFideId "3801497"]
[EventDate "2017.05.27"]

1. d4 Nf6 2. Nf3 e6 3. Bf4 b6 4. e3 Bb7 5. Nbd2 Be7 6. h3 c5 7. c3 cxd4 8. exd4
d6 9. Bd3 Nbd7 10. Bh2 a6 11. O-O O-O 12. Re1 Re8 13. a4 Nf8 14. Ne4 Nxe4 15.
Bxe4 Bxe4 16. Rxe4 d5 17. Re1 Ng6 18. Qd3 Qd7 19. Ne5 Nxe5 20. Bxe5 b5 21. Ra2
b4 22. cxb4 Bxb4 23. Rc1 Rec8 24. Rxc8+ Qxc8 25. b3 1/2-1/2

[Event "52nd Capablanca Mem Elite"]
[Site "Matanzas CUB"]
[Date "2017.06.05"]
[Round "9.2"]
[White "Sasikiran, Krishnan"]
[Black "Cordova, Emilio"]
[Result "1-0"]
[WhiteTitle "GM"]
[BlackTitle "GM"]
[WhiteElo "2669"]
[BlackElo "2645"]
[WhiteFideId "5004985"]
[BlackFideId "3801497"]
[EventDate "2017.05.27"]

1. e4 e6 2. d4 d5 3. Nc3 Nf6 4. e5 Nfd7 5. f4 c5 6. Nf3 Nc6 7. Be3 b6 8. Ne2 g6
9. c3 a5 10. g4 Ba6 11. f5 Bxe2 12. Bxe2 Rc8 13. fxe6 fxe6 14. O-O Be7 15. Bh6
c4 16. Qd2 b5 17. Ng5 Bxg5 18. Bxg5 Qb6 19. Rf2 h6 20. Bxh6 Kd8 21. Raf1 b4 22.
Kg2 Kc7 23. Bd1 bxc3 24. bxc3 Qb1 25. Be2 Qe4+ 26. Bf3 Qd3 27. Bg5 Qxd2 28. Bxd2
a4 29. Bd1 Ra8 30. Bc1 a3 31. Bc2 Rhb8 32. h4 Na7 33. Bxa3 Nb5 34. Bb4 Kc6 35.
Rb1 Nb6 36. Bxg6 Na4 37. Rf3 Nb6 38. a3 Nxa3 39. Ra1 Nb5 40. Rxa8 Nxa8 41. Bc5 1-0

[Event "52nd Capablanca Mem Elite"]
[Site "Matanzas CUB"]
[Date "2017.06.06"]
[Round "10.1"]
[White "Ortiz Suarez, Isan Reynaldo"]
[Black "Sasikiran, Krishnan"]
[Result "1/2-1/2"]
[WhiteTitle "GM"]
[BlackTitle "GM"]
[WhiteElo "2570"]
[BlackElo "2669"]
[WhiteFideId "3507165"]
[BlackFideId "5004985"]
[EventDate "2017.05.27"]

1. d4 Nf6 2. Nf3 g6 3. Bf4 Bg7 4. h3 c5 5. c3 b6 6. e3 O-O 7. Be2 Bb7 8. O-O d6
9. Nbd2 Nbd7 10. a4 a6 11. Bh2 Ne4 12. Nxe4 Bxe4 13. Nd2 Bb7 14. Qb3 Rb8 15.
Rfe1 Qc7 1/2-1/2